000 00803nam a2200241Ia 4500
003 OSt
005 20220925230319.0
006 a|||||r|||| 00| 0
007 ta
008 220923b |||||||| |||| 00| 0 eng d
020 _a0853036071
_c840.86000000000001
037 _bRKBA/06-07/3029, 20/12/2007, RAJKIRAN BOOK AGENCY
_cGeneral Book
040 _aRTL
_cRTL
_beng
041 _2eng
_aeng
082 _aY73(Q5), P5
100 _aEpstein T Scarlett
_9259697
245 0 _aSwimming upstream
_b A jewish refugee from Vienna
260 _aLondon
_bVallentine Mitchell
_c2005
300 _aix, 209p
_ccm.
650 _aSociolology
_9230864
942 _hY73(Q5), P5
_cGB
_2CC
999 _c585179
_d585179